00366nam a2200157Ia 4500008004100000041000800041082001200049100001700061245003900078250001200117260002700129300000700156365000700163500000700170650003100177231222s2022 xx 000 0 und d aeng a612/BHI aDr.S.B.Bhise aHuman Anatomy and Physilogy Vol- I a9th aug bNirali Prakashanc2022 a9p cRS aBV aHuman Anatomy & Physiology